JFL Season 3 All Pro Roster - Statistics

General Stats
  • This quiz has been taken 3 times
  • The average score is 19 of 35
Answer Stats
Position Answer % Correct
DL Demario Rashavan
100%
RB Alan Galvin
67%
WR Andre Vermil
67%
WR Dru Pinion
67%
RB Ernie Gecko
67%
QB Grady Burke
67%
RB Icey Danzler
67%
QB Jack Mally
67%
K Jake Crown
67%
K Julian Shrew
67%
DL Keanu Mallory
67%
DB King Salazar
67%
DB Marvin Smith
67%
DB Mitchell Spyder IV
67%
DB Morty Fay
67%
LB Olive Russey
67%
DB Ross Blount
67%
WR Soren Kelsey
67%
DL Tucker Borrston
67%
QB Tyber Jericho
67%
LB Warren Bowman
67%
TE Wes Bowen
67%
WR Eli Monk
33%
WR Gerrit Breida
33%
LB Ivan Dekolov
33%
DL Jamaal Carter
33%
LB Jeremiah Konnellock
33%
LB Jeremy Young
33%
DB Lamar Humphrey
33%
DL Leveon Walker
33%
TE Mitch Shelvin
33%
DL Oscar Bowl
33%
WR Ricky Tune
33%
LB Ruiz Levy
33%
TE Vance Hodges
33%
No matching quizzes found
Score Distribution
Percent of People with Each Score
Percentile by Number Answered
Your Score History
You have not taken this quiz